Naasika Rogangal (Record no. 368665)
[ view plain ]
| 000 -LEADER | |
|---|---|
| fixed length control field | 00266nam a22001217a 4500 |
| 020 ## - INTERNATIONAL STANDARD BOOK NUMBER | |
| International Standard Book Number | 9788176383769 |
| 082 ## - DEWEY DECIMAL CLASSIFICATION NUMBER | |
| Classification number | 616 RAJ |
| 100 ## - MAIN ENTRY--PERSONAL NAME | |
| Personal name | Rajan K.V. |
| 245 ## - TITLE STATEMENT | |
| Title | Naasika Rogangal |
| 260 ## - PUBLICATION, DISTRIBUTION, ETC. (IMPRINT) | |
| Place of publication, distribution, etc. | TVPM |
| Name of publisher, distributor, etc. | State Institute of Languages |
| Date of publication, distribution, etc. | 2013 |
| 300 ## - PHYSICAL DESCRIPTION | |
| Extent | 78 |
| 942 ## - ADDED ENTRY ELEMENTS (KOHA) | |
| Koha item type | Books (General) |
No items available.
